000 02925nam0a22004691 4500
001 RU\NLR\A1\12730
005 20260409064838.0
035 _a(NLR Aleph) 009675174
090 _a9679306
_c9679305
100 _a19971024d1782 m y0rusy50 ca
101 1 _arus
_cfre
102 _aRU
135 _acrcn 024anaba
140 _ay y eayaa0000
200 1 _aКрасота
_eСказка
_eпереведена с французскаго
210 _aВ Санктпетербурге
_cв типографии Императорскаго Сухопутнаго шляхетнаго кадетскаго корпуса
_d1782
215 _a[6], 80 с.
_d
300 _aПосвящ. авт. Е.А.Вяземской на с.[3-6]
316 _aЭкз. РНБ (18.241.3.10) в сост. картон. пер., обтянутом мрамор. бумагой, с коленкоровыми коричневыми корешком и уголками. На нижней крышке пер. экслибрис рус. фонда ГПБ с шифром. Корешок гладкий. На корешке крас. кожаная наклейка, на которой золотом вытиснено: "Красота.1782". Обрез крапчатый крас. На форзаце ярлык с шифром РНБ. Сохранена старая обл. из синей бумаги. На 1-й с. обл. ярлык с шифром РНБ. На с.80 круглый штамп ГПБ и техн. пометы. По всему кн. блоку потеки. Размер: 19,5х12,0х1,4 см
_5NLR: 18.241.3.10
321 1 _aСК XVIII 4607
325 _aКопия доступна в Электрон. б-ке РНБ
620 _dСанкт-Петербург
700 1 _4070
_8rus
_7ca
_aНиколаи
_bА. Л.
_f1737-1820
_gАндрей Львович
_3RU\NLR\AUTH\77104301
_987226
702 1 _aВяземская
_bЕ.А.
_cкняжна
_gЕкатерина Александровна
_4280
712 0 2 _4610
_aСухопутный шляхетный кадетский корпус
_cПетербург
_bТипография
_3RU\NLR\AUTH\880627501
_92659869
801 0 _aRU
_bNLR
_c19971024
852 _aNLR
_j18.241.3.10
856 0 _uhttp://vivaldi.nlr.ru/bx000017888/view
856 1 _uhttp://vivaldi.nlr.ru/bx000017888/cover
856 2 _uhttp://vivaldi.nlr.ru/bx000017888/text
899 _aРГБ
899 _aБАН
942 _cBOOK
980 _aNB
980 3 _akpcivil
980 3 _akp
980 _aA1XVIIIv
981 2 0 _a(20) Книжные памятники РНБ
_b(20) Русский книжный фонд